Nicknames of Premier Leauge teams - Statistics

General Stats
  • This quiz has been taken 284 times
  • The average score is 10 of 20
Answer Stats
Hint Answer % Correct
Arsenal The Gunners
95%
Manchester United The Red Devils
81%
Liverpool The Reds
75%
Tottenham Hotspur Spurs
74%
Chelsea The Blues
74%
West Ham The Hammers
70%
Leicester City The Foxes
65%
Swansea City The Swans
54%
Everton The Toffees
48%
Bournemouth The Cherries
46%
Crystal Palace The Eagles
46%
Southampton The Saints
45%
Brighton The Seagulls
44%
Newcastle The Magpies
43%
Stoke City The Potters
34%
Watford The Hornets
33%
Manchester City The Citizens
32%
Huddersfield The Terriers
31%
West Brom The Baggies
29%
Burnley The Clarets
23%
No matching quizzes found
Score Distribution
Percent of People with Each Score
Percentile by Number Answered
Your Score History
You have not taken this quiz